[Event "WLS-ch 69th"]
[Site "Cardiff"]
[Date "2025.04.21"]
[Round "6"]
[White "Shevchenko, Danylo1"]
[Black "McKenna, Joshua"]
[Result "0-1"]
[WhiteElo "1757"]
[BlackElo "1705"]
[PlyCount "100"]
[EventDate "2025.04.18"]
[EventType "swiss"]
[EventRounds "7"]
[EventCountry "WLS"]
[SourceTitle "CB17_2025"]
[SourceDate "2025.04.23"]
[SourceVersion "1"]
[SourceVersionDate "2025.04.23"]
[SourceQuality "1"]

1. e4 c6 2. d4 d5 3. exd5 cxd5 4. Bd3 Nc6 5. c3 Nf6 6. h3 e5 7. dxe5 Nxe5 8. Bb5+ Bd7 9. Bxd7+ Qxd7 10. Nf3 Bd6 11. 0-0 0-0 12. Bg5 Ne4 13. Be3 Rfe8 14. Nbd2 b6 15. Nxe5 Rxe5 16. Bf4 Re6 17. Bxd6 Rxd6 18. Nxe4 dxe4 19. Qb3 Rd8 20. Rfe1 Qf5 21. Rad1 Rd2 22. Rf1 h6 23. Rde1 Qd5 24. Qxd5 R8xd5 25. Rxe4 Rxb2 26. a4 a5 27. Ra1 Rc5 28. Ra3 Rd5 29. Rd4 Rxd4 30. cxd4 Rb4 31. d5 Kf8 32. Rc3 Rxa4 33. d6 Ke8 34. Rc7 Rd4 35. Rc6 b5 36. Rc5 Rxd6 37. Rxb5 Ra6 38. Kf1 a4 39. Ke2 a3 40. Rb1 Kd7 41. Kd3 a2 42. Ra1 Kc6 43. Kc2 Kd5 44. Kd2 Kc4 45. Kc2 Rf6 46. f3 Re6 47. Rc1 Kb4 48. Kd2 Rd6+ 49. Ke2 Kb3 50. Rc7 a1Q 0-1

[Event "WLS-ch 69th"]
[Site "Cardiff"]
[Date "2025.04.18"]
[Round "1"]
[White "Young, Alan J"]
[Black "McKenna, Joshua"]
[Result "1-0"]
[WhiteElo "1991"]
[BlackElo "1705"]
[PlyCount "63"]
[EventDate "2025.04.18"]
[EventType "swiss"]
[EventRounds "7"]
[EventCountry "WLS"]
[SourceTitle "CB17_2025"]
[SourceDate "2025.04.23"]
[SourceVersion "1"]
[SourceVersionDate "2025.04.23"]
[SourceQuality "1"]

1. e4 c6 2. c4 d5 3. exd5 cxd5 4. cxd5 Nf6 5. Nc3 Nxd5 6. Nf3 Nc6 7. Bb5 e6 8. 0-0 Be7 9. Re1 0-0 10. d4 Bd7 11. Bd3 Nf6 12. a3 Rc8 13. Bc2 Be8 14. Qd3 h6 15. Ne4 Nxe4 16. Qxe4 f5 17. Qxe6+ Bf7 18. Qxf5 g6 19. Qg4 h5 20. Qf4 Bf6 21. Be3 Bg7 22. Qg3 Ne7 23. Bg5 Re8 24. Bxe7 Rxe7 25. Rxe7 Rxc2 26. Rxf7 Kxf7 27. Ng5+ Ke7 28. Re1+ Kd7 29. Qh3+ Kc6 30. Qb3 Qxg5 31. Qxc2+ Kd7 32. Qe4 1-0

[Event "South Wales op 19th"]
[Site "Bridgend"]
[Date "2024.07.05"]
[Round "2"]
[White "Ward, Cian"]
[Black "McKenna, Joshua"]
[Result "1-0"]
[WhiteElo "1843"]
[BlackElo "1706"]
[PlyCount "69"]
[EventDate "2024.07.05"]
[EventType "swiss"]
[EventRounds "9"]
[EventCountry "WLS"]
[SourceTitle "CBM 221 Extra"]
[Source "ChessBase"]
[SourceDate "2024.09.30"]
[SourceVersion "1"]
[SourceVersionDate "2024.09.30"]
[SourceQuality "1"]

1. e4 c6 2. Nc3 d5 3. Nf3 dxe4 4. Nxe4 Nf6 5. Nxf6+ exf6 6. d4 Bd6 7. Be2 0-0 8. 0-0 Re8 9. Re1 Nd7 10. c4 Nf8 11. Be3 Bg4 12. h3 Be6 13. Qc2 Rc8 14. Rad1 Qd7 15. Bd3 Bxh3 16. gxh3 Qxh3 17. Bf5 Qxf3 18. Bxc8 Re4 19. Bg5 Rxe1+ 20. Rxe1 fxg5 21. Qf5 Bf4 22. Qh3 Qxh3 23. Bxh3 h5 24. Re7 g4 25. Bg2 Ne6 26. Rxb7 Nxd4 27. Rxa7 g3 28. Rd7 gxf2+ 29. Kxf2 c5 30. Bd5 Ne6 31. Bxe6 fxe6 32. a4 h4 33. a5 h3 34. a6 h2 35. Kg2 1-0

[Event "Daventry 4NCL op-A 30th"]
[Site "Daventry"]
[Date "2023.06.18"]
[Round "4"]
[White "McKenna, Joshua"]
[Black "Kothari, Jai"]
[Result "0-1"]
[WhiteElo "1642"]
[BlackElo "1767"]
[PlyCount "120"]
[EventDate "2023.06.16"]
[EventType "swiss"]
[EventRounds "5"]
[EventCountry "ENG"]
[SourceTitle "CBM 214 Extra"]
[Source "ChessBase"]
[SourceDate "2023.07.31"]
[SourceVersion "1"]
[SourceVersionDate "2023.07.31"]
[SourceQuality "1"]

1. e4 e5 2. Nf3 Nc6 3. Bb5 a6 4. Ba4 d6 5. c3 Qf6 6. d4 exd4 7. cxd4 b5 8. Bc2 Bg4 9. Be3 Nb4 10. Nbd2 Ne7 11. 0-0 h6 12. a3 Nxc2 13. Qxc2 c6 14. e5 Qg6 15. Rac1 Qxc2 16. Rxc2 d5 17. h3 Bf5 18. Rc3 a5 19. Nb3 g5 20. Nh2 Bg7 21. g4 Bg6 22. Nc5 Ra7 23. Ra1 0-0 24. Nf1 Rb8 25. Rcc1 Nc8 26. Ng3 Nb6 27. Nf5 Bf8 28. b3 Rc8 29. f4 Bxf5 30. gxf5 gxf4 31. Bxf4 a4 32. b4 Nc4 33. Kf2 Bxc5 34. Rg1+ Kh7 35. dxc5 Re8 36. f6 Nxe5 37. Rg7+ Kh8 38. Bxh6 Re6 39. Bg5 Ra8 40. Rg1 Rf8 41. Kg3 Rg8 42. Rxg8+ Kxg8 43. h4 Kh7 44. Kf4 Nc4 45. Rg3 Re1 46. Kf5 Re5+ 47. Kf4 d4 48. Rd3 Rd5 49. Ke4 Kg6 50. Rxd4 Rxd4+ 51. Kxd4 Nxa3 52. Kc3 Nc4 53. Kc2 Ne5 54. Kc3 Nf3 55. Bc1 Nxh4 56. Kd3 Kxf6 57. Ke4 Ke6 58. Bb2 Ng6 59. Ke3 Kd5 60. Kd3 Ne5+ 0-1

[Event "WLS-ch 67th"]
[Site "Cardiff"]
[Date "2023.04.10"]
[Round "7"]
[White "McKenna, Joshua"]
[Black "Smith, Lynda"]
[Result "0-1"]
[WhiteElo "1688"]
[BlackElo "1786"]
[PlyCount "86"]
[EventDate "2023.04.07"]
[EventType "swiss"]
[EventRounds "7"]
[EventCountry "WLS"]
[SourceTitle "CBM 213 Extra"]
[Source "ChessBase"]
[SourceDate "2023.05.31"]
[SourceVersion "1"]
[SourceVersionDate "2023.05.31"]
[SourceQuality "1"]

1. e4 c5 2. Nf3 g6 3. c3 Bg7 4. Bc4 e6 5. d4 cxd4 6. cxd4 d5 7. Bb5+ Bd7 8. Bxd7+ Qxd7 9. e5 Nc6 10. 0-0 Nge7 11. Bf4 0-0 12. Nc3 h6 13. h4 Kh7 14. Re1 Qd8 15. a3 Nf5 16. g3 Rc8 17. Qd2 Na5 18. Rab1 Nc4 19. Qd3 Qa5 20. Rec1 Rc6 21. Nd2 Qb6 22. Na4 Qxd4 23. Qxd4 Nxd4 24. Nxc4 Rxc4 25. Rxc4 dxc4 26. Nc3 Nf3+ 27. Kg2 Nxe5 28. Bd2 Rd8 29. Be1 Nd3 30. Bd2 a6 31. b3 Nc5 32. Be3 Nxb3 33. Ne2 b5 34. Bb6 Rd2 35. Kf1 Rd6 36. Be3 Nd2+ 37. Bxd2 Rxd2 38. Ke1 Rd3 39. a4 Rb3 40. Rc1 Ra3 41. axb5 axb5 42. Rb1 Ra1 43. Rxa1 Bxa1 0-1

[Event "WLS-ch 67th"]
[Site "Cardiff"]
[Date "2023.04.08"]
[Round "3"]
[White "McKenna, Joshua"]
[Black "Fathallah, Joe"]
[Result "0-1"]
[WhiteElo "1688"]
[BlackElo "1980"]
[PlyCount "60"]
[EventDate "2023.04.07"]
[EventType "swiss"]
[EventRounds "7"]
[EventCountry "WLS"]
[SourceTitle "CBM 213 Extra"]
[Source "ChessBase"]
[SourceDate "2023.05.31"]
[SourceVersion "1"]
[SourceVersionDate "2023.05.31"]
[SourceQuality "1"]

1. e4 e6 2. d3 d5 3. Nd2 c5 4. Ngf3 Nf6 5. e5 Nfd7 6. g3 Nc6 7. Qe2 Qc7 8. Bg2 Ndxe5 9. Nxe5 Qxe5 10. Qxe5 Nxe5 11. 0-0 Bd6 12. Re1 0-0 13. Nb3 c4 14. dxc4 Nxc4 15. Nd4 Bd7 16. b3 Nb6 17. Bb2 Rac8 18. Rac1 e5 19. Nf3 f6 20. Nd2 Bc6 21. Bh3 Bd7 22. Bg2 Rc7 23. a4 a5 24. Red1 Be6 25. Ne4 Be7 26. Nc3 Rfc8 27. Bxd5 Nxd5 28. Rxd5 Rxc3 29. Rxa5 Rxc2 30. Rb1 Bh3 0-1

[Event "South Wales op 17th"]
[Site "Bridgend"]
[Date "2022.07.08"]
[Round "3"]
[White "McKenna, Joshua"]
[Black "Rathbone Jones, Ifan"]
[Result "0-1"]
[WhiteElo "1658"]
[BlackElo "1936"]
[PlyCount "68"]
[EventDate "2022.07.07"]
[EventType "swiss"]
[EventRounds "9"]
[EventCountry "WLS"]
[SourceTitle "CBM 209 Extra"]
[Source "ChessBase"]
[SourceDate "2022.09.30"]
[SourceVersion "1"]
[SourceVersionDate "2022.09.30"]
[SourceQuality "1"]

1. e4 d5 2. exd5 Nf6 3. d4 c6 4. Nf3 cxd5 5. c4 Nc6 6. Nc3 e6 7. Bf4 Bb4 8. Qb3 Qe7 9. c5 Ne4 10. Bb5 g5 11. Ne5 Bd7 12. Nxd7 Nxd4 13. Qa4 Bxc3+ 14. bxc3 Nxb5 15. Qxb5 Qxd7 16. Qxd7+ Kxd7 17. Be3 Rhg8 18. Bd4 Kc6 19. Rb1 Rab8 20. Be5 Rbe8 21. f3 Nxc5 22. Bd4 b6 23. 0-0 e5 24. Bf2 f5 25. Rfd1 g4 26. fxg4 Rxg4 27. Rb4 Ne4 28. Rdb1 Reg8 29. g3 Nxc3 30. Rxg4 Rxg4 31. Rc1 Rc4 32. Rc2 Ne4 33. Re2 d4 34. g4 d3 0-1

[Event "British Universities-ch"]
[Site "Chess.com INT"]
[Date "2022.03.05"]
[Round "8.2"]
[White "Ahmed, Savil"]
[Black "McKenna, Joshua"]
[Result "1-0"]
[WhiteElo "1656"]
[BlackElo "1811"]
[PlyCount "77"]
[EventDate "2022.03.05"]
[EventType "swiss"]
[EventRounds "9"]
[EventCountry "ENG"]
[SourceTitle "EXT 2023"]
[Source "ChessBase"]
[SourceDate "2022.10.05"]
[SourceVersion "1"]
[SourceVersionDate "2022.10.05"]
[SourceQuality "1"]
[WhiteTeam "Southampton"]
[BlackTeam "Swansea"]
[WhiteTeamCountry "ENG"]
[BlackTeamCountry "WLS"]

1. e4 d6 2. d4 Nf6 3. Nc3 g6 4. Nf3 Bg7 5. h3 0-0 6. Bd3 Nbd7 7. 0-0 e5 8. dxe5 dxe5 9. Re1 Re8 10. Be3 Qe7 11. Qd2 c6 12. Bg5 h6 13. Bxh6 a5 14. a4 Nh5 15. Bc4 Nf8 16. Rad1 Bxh6 17. Qxh6 Qc5 18. Bb3 Be6 19. Bxe6 Rxe6 20. Ng5 Ree8 21. Rd7 Re7 22. Red1 Rae8 23. Rd8 Qb4 24. Rxe8 Rxe8 25. Rd7 f6 26. Nf7 Re7 27. Rd8 Rxf7 28. Rxf8+ Qxf8 29. Qxg6+ Ng7 30. h4 Qe8 31. g4 Rd7 32. Qxf6 Rf7 33. Qg5 Qf8 34. Nd1 Qb4 35. Kf1 Qc4+ 36. Kg1 Qxc2 37. Qd8+ Rf8 38. Qd7 Qxe4 39. h5 1-0

[Event "British Universities-ch"]
[Site "Chess.com INT"]
[Date "2022.03.05"]
[Round "4.2"]
[White "Brewer, Matthew"]
[Black "McKenna, Joshua"]
[Result "1-0"]
[WhiteElo "1535"]
[BlackElo "1811"]
[PlyCount "117"]
[EventDate "2022.03.05"]
[EventType "swiss"]
[EventRounds "9"]
[EventCountry "ENG"]
[SourceTitle "EXT 2023"]
[Source "ChessBase"]
[SourceDate "2022.10.05"]
[SourceVersion "1"]
[SourceVersionDate "2022.10.05"]
[SourceQuality "1"]
[WhiteTeam "Reading"]
[BlackTeam "Swansea"]
[WhiteTeamCountry "ENG"]
[BlackTeamCountry "WLS"]

1. e4 d6 2. d4 Nf6 3. Bd3 g6 4. c4 Bg7 5. h3 0-0 6. Nf3 Nbd7 7. Bf4 c5 8. e5 dxe5 9. dxe5 Nh5 10. Bh2 Qb6 11. b3 Nxe5 12. Nxe5 Qe6 13. Qe2 f6 14. Nf3 f5 15. Qxe6+ Bxe6 16. Be5 Bxe5 17. Nxe5 Nf4 18. Bf1 Rfd8 19. g3 Nh5 20. Be2 Rd4 21. Nf3 Re4 22. Nc3 Rxe2+ 23. Kxe2 f4 24. g4 Nf6 25. Rad1 h5 26. gxh5 Nxh5 27. Ne5 Bf5 28. Rhg1 Kg7 29. Nd5 e6 30. Ne7 Bxh3 31. Rxg6+ Kf8 32. Rdg1 Kxe7 33. Rh6 f3+ 34. Ke3 Bg2 35. Rxh5 Rf8 36. Ng6+ Kf7 37. Nxf8 Kxf8 38. Rxg2 fxg2 39. Rg5 Ke7 40. Rxg2 Kf6 41. Ke4 a6 42. Rh2 b5 43. cxb5 axb5 44. Rh5 c4 45. bxc4 bxc4 46. Rc5 e5 47. Rxc4 Ke6 48. a4 Kd6 49. a5 Kd7 50. a6 Kd8 51. a7 Kd7 52. a8Q Kd6 53. Qc6+ Ke7 54. Ra4 Kd8 55. Qd6+ Kc8 56. Rc4+ Kb7 57. Qb4+ Ka6 58. Rc1 Ka7 59. Ra1# 1-0

[Event "British Universities-ch"]
[Site "Chess.com INT"]
[Date "2022.03.05"]
[Round "6.2"]
[White "Chan, Chun Wai Desmond"]
[Black "McKenna, Joshua"]
[Result "0-1"]
[WhiteElo "1323"]
[BlackElo "1811"]
[PlyCount "36"]
[EventDate "2022.03.05"]
[EventType "swiss"]
[EventRounds "9"]
[EventCountry "ENG"]
[SourceTitle "EXT 2023"]
[Source "ChessBase"]
[SourceDate "2022.10.05"]
[SourceVersion "1"]
[SourceVersionDate "2022.10.05"]
[SourceQuality "1"]
[WhiteTeam "Imperial"]
[BlackTeam "Swansea"]
[WhiteTeamCountry "ENG"]
[BlackTeamCountry "WLS"]

1. e4 d6 2. d4 Nf6 3. Nc3 g6 4. Bc4 Nxe4 5. Bxf7+ Kxf7 6. Nxe4 Bg7 7. Nf3 Rf8 8. Bg5 Kg8 9. h4 Bg4 10. Qd2 Rxf3 11. gxf3 Bxf3 12. Ng3 Bxh1 13. Nxh1 Nc6 14. c3 Qe8 15. Ng3 Qf7 16. 0-0-0 Qxa2 17. h5 Na5 18. Qc2 Nb3+ 0-1

[Event "British Universities-ch"]
[Site "Chess.com INT"]
[Date "2022.03.05"]
[Round "7.2"]
[White "McKenna, Joshua"]
[Black "Stoyanov, Viktor"]
[Result "0-1"]
[WhiteElo "1811"]
[BlackElo "2236"]
[PlyCount "80"]
[EventDate "2022.03.05"]
[EventType "swiss"]
[EventRounds "9"]
[EventCountry "ENG"]
[SourceTitle "EXT 2023"]
[Source "ChessBase"]
[SourceDate "2022.10.05"]
[SourceVersion "1"]
[SourceVersionDate "2022.10.05"]
[SourceQuality "1"]
[WhiteTeam "Swansea"]
[BlackTeam "Warwick (Queens)"]
[WhiteTeamCountry "WLS"]
[BlackTeamCountry "ENG"]

1. Nf3 c5 2. g3 g6 3. Bg2 Bg7 4. 0-0 Nc6 5. d3 Nf6 6. e4 0-0 7. c3 d6 8. d4 cxd4 9. Nxd4 Bg4 10. Qd3 Nd7 11. h3 Nc5 12. Qc2 Bd7 13. Be3 Qc8 14. Kh2 Ne5 15. b3 Rb8 16. f4 Nc6 17. Na3 a6 18. Nc4 b5 19. Nb2 b4 20. Nc4 bxc3 21. Qxc3 Ne6 22. e5 Ncxd4 23. Bxd4 Nxd4 24. Qxd4 dxe5 25. Nxe5 Bb5 26. Rfd1 Rd8 27. Qxd8+ Qxd8 28. Rxd8+ Rxd8 29. a4 Be2 30. Ra2 Bd1 31. b4 Bb3 32. Ra3 Be6 33. Nc6 Rd2 34. b5 Bf6 35. b6 Bd5 36. b7 Rxg2+ 37. Kh1 Rb2+ 38. Kg1 Bxc6 39. b8Q+ Rxb8 40. a5 Rb2 0-1

[Event "John Bishop Minor op"]
[Site "Cardiff"]
[Date "2009.04.10"]
[Round "1"]
[White "White, Sam"]
[Black "McKenna, Joshua"]
[Result "1-0"]
[WhiteElo "1413"]
[BlackElo "960"]
[PlyCount "47"]
[EventDate "2009.04.10"]
[EventType "swiss"]
[EventRounds "7"]
[EventCountry "WLS"]
[SourceTitle "EXT 2011"]
[Source "ChessBase"]
[SourceDate "2010.11.26"]
[SourceVersion "1"]
[SourceVersionDate "2010.11.26"]
[SourceQuality "1"]

1. e4 e5 2. Nf3 Nc6 3. Bb5 Nf6 4. d3 d5 5. 0-0 Bd7 6. Bxc6 Bxc6 7. Nxe5 dxe4 8. Nxc6 bxc6 9. Re1 Qd5 10. Nc3 Qf5 11. Nxe4 Be7 12. Nxf6+ Qxf6 13. Rb1 0-0 14. b3 Bd6 15. Bb2 Qh4 16. g3 Qh3 17. Qf3 Bb4 18. Re4 Rab8 19. Bxg7 Rfe8 20. Rg4 Re1+ 21. Rxe1 Bxe1 22. Bh6+ Qxg4 23. Qxg4+ Kh8 24. Qg7# 1-0